000 00298nam a2200109Ia 4500
008 190216s9999||||xx |||||||||||||| ||und||
100 _aVasant Desai
245 0 _aDynamics Of Entrepreneurial Development And Management
260 _bPrentice Hall Of India Pvt Ltd
_c1996
300 _a59p
942 _cBK
999 _c5916
_d5916